Szótörténeti vizsgálatok hangszerneveink körében
Elmentve itt :
| Szerző: | |
|---|---|
| További közreműködők: | |
| Dokumentumtípus: | Szakdolgozat |
| Megjelent: |
1982
|
| Tárgyszavak: | |
| Online Access: | http://diploma.bibl.u-szeged.hu/96872 |
| LEADER | 00611nta a2200181 i 4500 | ||
|---|---|---|---|
| 001 | dipl96872 | ||
| 005 | 20210111134515.0 | ||
| 008 | 210105s1982 hu om 0|| hun d | ||
| 040 | |a SZTE Diploma Repozitórium |b hun | ||
| 041 | |a hun | ||
| 100 | 1 | |a Lenkei Éva | |
| 245 | 1 | 0 | |a Szótörténeti vizsgálatok hangszerneveink körében |h [elektronikus dokumentum] / |c Éva Lenkei |
| 260 | |c 1982 | ||
| 650 | 4 | |a Pedagógusképzés | |
| 650 | 4 | |a Humanities | |
| 650 | 4 | |a Languages and Literature | |
| 700 | 1 | |a Galgóczi László |e ths | |
| 856 | 4 | 0 | |u http://diploma.bibl.u-szeged.hu/id/eprint/96872/1/1982_lenkei_eva.pdf |z Dokumentum-elérés |